000 01083nac a22002411u 4500
008 100914s2007 mau|||||r|||| 000 0 eng d
010 _a 2007010554
020 _a1934015024
020 _a9781934015025
082 0 0 _a629.892
_bROB
110 _919110
_aAppin Knowledge Solutions
245 0 0 _aRobotics /
_cAppin Knowledge Solutions.
260 _aHingham, MA :
_bInfinity Science Press, 2007.
_c2007
300 _a343 p. :
_bill.;
_c24 cm.
500 _aIncludes index.
650 0 _aRobotics
_vHandbooks, manuals, etc.
_919112
650 0 _aRobots, Industrial
_vHandbooks, manuals, etc.
_919113
710 2 _aAppin Knowledge Solutions (Firm)
_919114
856 4 1 _3Table of contents only
_uhttp://www.loc.gov/catdir/toc/ecip0713/2007010554.html
942 _cBB
_k629.892 ROB
_2ddc
999 _c8385
_d8385